Low-density layer formation and "lifting force" effect at micro- and meso-scale levels; Theoretical and Applied Fracture Mechanics; Vol. 43, iss. 3

Bibliografiske detaljer
Parent link:Theoretical and Applied Fracture Mechanics.— , 1984-
Vol. 43, iss. 3.— 2005.— [P. 324-334]
Andre forfattere: Dmitriev A. I. Andrey Ivanovich, Zolnikov K. P., Psakhie S. G. Sergey Grigorievich, Goldin S. V., Panin V. E. Viktor Evgenyevich
Summary:Title screen
The processes at various scale levels in the contact area of interacting objects under high-energy action will be examined from the viewpoint of mesomechanics. Modeling of contact area at atomic- and meso-scale levels was carried out on the base of discrete computational approach (method of particles). Molecular dynamic method was used at the micro-scale level; movable cellular automata method—at the meso-scale level. The gradient of velocity in areas near the surface leads to formation of low density and fragmented areas. This effect is accompanied by the failure of crystal lattice stability and intensive mixing process at the atomic level. The mechanisms of mass transfer in contact area were discussed. The results allow us to explain a host of experimental data of mechanochemistry such as phase formation at friction surface, alloy formation due to contact interaction under “pressure + shear” loading conditions.
Режим доступа: по договору с организацией-держателем ресурса
Sprog:engelsk
Udgivet: 2005
Fag:
Online adgang:http://dx.doi.org/10.1016/j.tafmec.2005.03.003
Format: MixedMaterials Electronisk Book Chapter
KOHA link:https://koha.lib.tpu.ru/cgi-bin/koha/opac-detail.pl?biblionumber=653944

MARC

LEADER 00000naa0a2200000 4500
001 653944
005 20250228144756.0
035 |a (RuTPU)RU\TPU\network\19459 
035 |a RU\TPU\network\14250 
090 |a 653944 
100 |a 20170404d2005 k||y0rusy50 ba 
101 0 |a eng 
102 |a NL 
135 |a drcn ---uucaa 
181 0 |a i  
182 0 |a b 
200 1 |a Low-density layer formation and "lifting force" effect at micro- and meso-scale levels  |f A. I. Dmitriev [et al.] 
203 |a Text  |c electronic 
300 |a Title screen 
320 |a [References: p. 334 (28 tit.)] 
330 |a The processes at various scale levels in the contact area of interacting objects under high-energy action will be examined from the viewpoint of mesomechanics. Modeling of contact area at atomic- and meso-scale levels was carried out on the base of discrete computational approach (method of particles). Molecular dynamic method was used at the micro-scale level; movable cellular automata method—at the meso-scale level. The gradient of velocity in areas near the surface leads to formation of low density and fragmented areas. This effect is accompanied by the failure of crystal lattice stability and intensive mixing process at the atomic level. The mechanisms of mass transfer in contact area were discussed. The results allow us to explain a host of experimental data of mechanochemistry such as phase formation at friction surface, alloy formation due to contact interaction under “pressure + shear” loading conditions. 
333 |a Режим доступа: по договору с организацией-держателем ресурса 
461 |t Theoretical and Applied Fracture Mechanics  |d 1984- 
463 |t Vol. 43, iss. 3  |v [P. 324-334]  |d 2005 
610 1 |a электронный ресурс 
610 1 |a труды учёных ТПУ 
610 1 |a микроуровни 
610 1 |a слои с низкой плотностью 
701 1 |a Dmitriev  |b A. I.  |c physicist  |c engineer of Tomsk Polytechnic University, doctor of physical and mathematical sciences  |f 1972-  |g Andrey Ivanovich  |3 (RuTPU)RU\TPU\pers\35822 
701 1 |a Zolnikov  |b K. P. 
701 1 |a Psakhie  |b S. G.  |c physicist  |c head of laboratory, Advisor to the rector, head of Department, Tomsk Polytechnic University, doctor of physico-mathematical Sciences  |f 1952-  |g Sergey Grigorievich  |3 (RuTPU)RU\TPU\pers\33038 
701 1 |a Goldin  |b S. V. 
701 1 |a Panin  |b V. E.  |c Director of Russian materials science center  |c Research advisor of Institute of strength physics and materials science of Siberian branch of Russian Academy of Sciences  |f 1930-  |g Viktor Evgenyevich  |3 (RuTPU)RU\TPU\pers\26443 
801 2 |a RU  |b 63413507  |c 20170406  |g RCR 
856 4 |u http://dx.doi.org/10.1016/j.tafmec.2005.03.003 
942 |c CF